000 00358 a2200157 4500
001 48399
020 _a9788562832932
040 _cAnchieta - Bela Vista
100 _aBorba, Marcos
240 1 0 _aMiau e o pé de feijão
_lpor
245 1 0 _aMiau e o pé de feijão
300 _a35
362 0 _a2017
650 4 _aLiteratura infanto-juvenil
942 _cBK
999 _c48399
_d48399